| 000 | 00770cam a22002533a 4500 | ||
|---|---|---|---|
| 001 | 18380 | ||
| 003 | PGUSA | ||
| 005 | 20140828083406.0 | ||
| 008 | 060512s2006||||xxu|||||s|||||000 | eng d | ||
| 040 |
_aPGUSA _beng |
||
| 042 | _adc | ||
| 050 | 4 | _aD501 | |
| 100 | 1 |
_aMarcosson, Isaac Frederick, _d1876-1961 |
|
| 245 | 1 | 4 |
_aThe War After the War _h[electronic resource] / _cIsaac Frederick Marcosson |
| 260 |
_bProject Gutenberg, _c2006 |
||
| 506 | _aPublic domain in the USA. | ||
| 516 | _aElectronic text | ||
| 653 | _aLloyd George, David, 1863-1945 | ||
| 653 | _aHughes, William Morris, 1864-1952 | ||
| 653 | _aWorld War, 1914-1918 -- Economic aspects | ||
| 830 | 0 |
_aProject Gutenberg _v18380 |
|
| 856 | 4 | 0 | _uhttp://www.gutenberg.org/ebooks/18380 |
| 942 | _cEB | ||
| 999 |
_c247635 _d247635 |
||